| 000 | 00606nam a2200217Ia 4500 | ||
|---|---|---|---|
| 003 | OSt | ||
| 005 | 20260225111546.0 | ||
| 008 | 210210b xxu||||| |||| 00| 0 eng d | ||
| 040 | _cAL | ||
| 041 | _aHindi | ||
| 082 | _a861/208 | ||
| 100 |
_aVARMA (Bhagavathicharan) _dवर्मा (भगवतीचरण) _9256693 |
||
| 245 |
_aVismrithi ke phool _bविस्मृति के फूल |
||
| 260 |
_aIllAhAbAd _bBharati Bhandar |
||
| 650 |
_aVismrithi _9256694 |
||
| 650 |
_aphool _9256695 |
||
| 650 |
_ake _9256696 |
||
| 690 |
_aHindi Poetry _9256697 |
||
| 906 | _a023228 | ||
| 942 |
_2ddc _cBK |
||
| 999 |
_c148158 _d148158 |
||